00446pab a2200157 454500008004000000100001700040245010000057260000900157300001500166362000800181650001200189650001900201650001800220700001700238773003300255180718b2015 xxu||||| |||| 00| 0 eng d aBrady, David aParadoxes of social policy: welfare transfers, relative poverty, and redistribution preferences c2015 ap.268-298. aApr aPoverty aSocial welfare aSocial policy aBostic, Amie aAmerican Sociological Review